00792nam a2200157 4500020001800000082002000018100002200038245005400060260004500114300001000159504002600169505030000195942001200495999001900507952010800526 a9789387367968 a808.025 DHA/INT aDhananjay W Deote aIntroduction to Plagiarism/cby Dhananjay W Deote aNew Delhi:bSwastik Publications,c2023. a190p. aIncludes Bibliography a--Introduction: Understanding Plagiarism--The plagiarism debate: History and context--Plagiarism in the early twentieth century--Plagiarism and the Alchemical tradition--How to avoid plagiarism--Plagiarism, Research writing and the spirit of enquiry--Internet plagiarism and plagiarism detection 2ddccBK c748431d748431 00102ddc4070aDLSbDLSd2025-04-24l0o808.025 DHA/INTpDLS6034r2025-04-24 15:12:36w2025-04-24yBK